000 00376nam a22001577a 4500
003 LK-CoDNM
005 20240726151857.0
008 240726b |||||||| |||| 00| 0 eng d
040 _aLK-CoDNM
_dLK-CoDNM
_eLK-CoDNM
041 _aeng
080 _a14
_bFF8.1
100 _aMahadheva,S
245 _aWhy name the god
260 _aThe ceylon daily news
_c1947
942 _cBK
999 _c146084
_d146084